Axis countries of WW2 - Statistics

General Stats
  • This quiz has been taken 117 times
  • The average score is 9 of 23
Answer Stats
Hint Answer % Correct
Control most of Europe Germany
100%
Idiot that always wanted Hitler's help Italy
91%
Join the axis for protaction against the USSR Romania
76%
Wanted Transylvania Hungary
74%
Took thrace and FYROM Bulgaria
64%
Italian puppet in the Adriatic sea that Italy conquer it in 1939 Albania
62%
Micro-nation of Europe allied with Italy San Marino
55%
Hate the USSR and it wasn't a de facto axis power Finland
53%
Forced by Japan to join the war so Japan had an more easy way to take British Malaya Thailand
51%
German puppet after France surrender Vichy France
47%
Italian puppet formed after Yugoslavia. It's name begins with Mont... Montenegro
42%
A weak country in the Middle east got independence from the UK Iraq
41%
German puppet formed after the split of Czechoslovakia Slovakia
37%
Only German puppet in Yugoslavia Serbia
35%
Was nuked by the US Empire of Japan
28%
A puppet of Japan formed after pushing China out of Manchuria in 1931 Manchucko
19%
A puppet with the words the independent state on it's name Independent state of Croatia
14%
Formed after the surrender of Italy in the north of the country Italian social republic
7%
Fought against Germany for 6 hours German controled Denmark
1%
Surrender to the Germans very fast (this country is in Scandinavia) German controled Norway
1%
A puppet of Japan formed after pushing the Americans out of the Philippines Second Philippine republic
1%
A puppet of Japan formed after pushing the Brits out of Burma state of Burma
1%
Puppet formed in Greece Hellinic state
0%
No matching quizzes found
Score Distribution
Percent of People with Each Score
Percentile by Number Answered
Your Score History
You have not taken this quiz